| 000 | 00561nam a2200205Ia 4500 | ||
|---|---|---|---|
| 005 | 20250923145158.0 | ||
| 008 | 008 250917s9999 xx 000 0 eng d | ||
| 037 | _aTextual | ||
| 040 |
_aDSWL _beng _cDSWL |
||
| 041 |
_aeng _2eng |
||
| 084 |
_aQ7:g, N66 _qDSWL |
||
| 100 |
_aNasr, S.H. _9832565 |
||
| 245 | 0 |
_aIdeals and realities of Islam _cby S.H. Nasr |
|
| 260 |
_aLondon _bGeorge Allen & Unwin _c1966 |
||
| 300 | _axxx,390p. | ||
| 365 |
_aINR _b28 |
||
| 925 | _g28 | ||
| 942 |
_cTEXL _hQ7:g, N66 |
||
| 999 |
_c1448125 _d1448125 |
||